| 000 | 00000nam##2200000za#4500 |
| 001 | 9.570356 |
| 003 | CaOODSP |
| 005 | 20210624182213 |
| 007 | cr ||||||||||| |
| 008 | 150406|2006||||xxc|||||o f|0| 0 eng|d |
| 040 | |aCaOODSP|beng |
| 043 | |an-cn--- |
| 086 | 1 |aIu182-1/2006-4E-PDF |
| 110 | 1 |aCanada. |bIndustry Canada. |bMicro-Economic Policy Analysis Branch. |
| 245 | 10|aUnbalanced industry demand and supply shifts : |h[electronic resource]|bimplications for economic growth in Canada and the United States / |c[by] Anik Dufour, Jianmin Tang and Weimin Wang. |
| 260 | |aOttawa - Ontario : |bIndustry Canada. |
| 300 | |a35p.|bfigs. (some coloured), references, tables |
| 490 | 1 |aWorking paper series|v2006-04 |
| 546 | |a(Resumé en français.) |
| 590 | |a12-09-Supp|b2012-03-21 |
| 720 | 1 |aTang, Jianmin |
| 720 | 1 |aWang, Weimin |
| 720 | 1 |aDufour, Anik |
| 830 | #0|aWorking paper series ;|v2006-04|w(CaOODSP)9.504818 |
| 856 | 40|ahttp://publications.gc.ca|qPDF|s588 KB|uhttps://publications.gc.ca/collections/collection_2011/ic/Iu182-1-2006-4-eng.pdf|y2006-04 |
| 986 | |aIC 60030 |